[Event "GER-chT U12"]
[Site "Schney"]
[Date "2013.12.28"]
[Round "4.1"]
[White "Bock, Alexander"]
[Black "Mantel, Ruben"]
[Result "0-1"]
[WhiteElo "1283"]
[BlackElo "1665"]
[PlyCount "66"]
[EventDate "2013.12.27"]
[EventType "team-swiss"]
[EventRounds "7"]
[EventCountry "GER"]
[SourceTitle "EXT 2015"]
[Source "ChessBase"]
[SourceDate "2014.11.20"]
[SourceVersion "1"]
[SourceVersionDate "2014.11.20"]
[SourceQuality "1"]
[WhiteTeam "Stadtilm Blau Weiss"]
[BlackTeam "Nuernberg Zabo"]
[WhiteTeamCountry "GER"]
[BlackTeamCountry "GER"]

1. e4 e6 2. d3 d5 3. Nd2 c5 4. Ngf3 Nc6 5. g3 Bd6 6. Bg2 Nf6 7. c3 0-0 8. 0-0 Re8 9. Re1 Bc7 10. Nh4 e5 11. Nf1 Bg4 12. f3 Be6 13. h3 Qd7 14. Kh2 h6 15. f4 exf4 16. gxf4 g5 17. e5 Nh7 18. Nf3 f6 19. d4 cxd4 20. cxd4 Kh8 21. Ng3 Rg8 22. Nh5 gxf4 23. Bxf4 Raf8 24. Bxh6 fxe5 25. dxe5 Rxg2+ 26. Kxg2 Bxh3+ 27. Kf2 Bb6+ 28. Be3 d4 29. Ke2 Rxf3 30. Bh6 d3+ 31. Kd2 Rf2+ 32. Kc1 d2+ 33. Kb1 Qd3+ 0-1

[Event "GER-chT U12"]
[Site "Verden"]
[Date "2012.12.28"]
[Round "3.4"]
[White "Bock, Alexander"]
[Black "Voigt, Tobias"]
[Result "1-0"]
[WhiteElo "1012"]
[BlackElo "963"]
[PlyCount "95"]
[EventDate "2012.12.27"]
[EventType "team-swiss"]
[EventRounds "7"]
[EventCountry "GER"]
[SourceTitle "EXT 2014"]
[Source "ChessBase"]
[SourceDate "2013.11.20"]
[SourceVersion "1"]
[SourceVersionDate "2013.11.20"]
[SourceQuality "1"]
[WhiteTeam "Stadtilm Blau Weiss"]
[BlackTeam "Muenchen Suedost"]
[WhiteTeamCountry "GER"]
[BlackTeamCountry "GER"]

1. e4 e5 2. Nf3 Nc6 3. d3 Nf6 4. g3 d5 5. Nbd2 Bg4 6. Bg2 Bc5 7. 0-0 Qd7 8. b3 Bh3 9. Bb2 d4 10. Nc4 Qe6 11. Ng5 Qe7 12. Bxh3 0-0 13. Bg2 h6 14. Nh3 Bb4 15. f4 b5 16. fxe5 Nxe5 17. Nxe5 Qxe5 18. Rf5 Qd6 19. Rxb5 Bc3 20. Bxc3 dxc3 21. e5 Qd4+ 22. Kh1 Qd7 23. exf6 Qxb5 24. Qg4 g6 25. Qh4 h5 26. Bxa8 Rxa8 27. Re1 Qc6+ 28. Qe4 Qxe4+ 29. Rxe4 c5 30. Kg2 a5 31. Kf3 c4 32. Rxc4 a4 33. Rxa4 Rxa4 34. bxa4 h4 35. a5 hxg3 36. hxg3 g5 37. Nxg5 Kf8 38. a6 Ke8 39. a7 Kd7 40. a8Q Kd6 41. Nxf7+ Kc5 42. Ne5 Kd4 43. Qe4+ Kc5 44. f7 Kd6 45. f8Q+ Ke6 46. Nc4+ Kd7 47. Qd6+ Kc8 48. Qec6# 1-0

[Event "GER-chT U12"]
[Site "Verden"]
[Date "2012.12.28"]
[Round "4.4"]
[White "Melzig, Leon"]
[Black "Bock, Alexander"]
[Result "0-1"]
[WhiteElo "1072"]
[BlackElo "1012"]
[PlyCount "92"]
[EventDate "2012.12.27"]
[EventType "team-swiss"]
[EventRounds "7"]
[EventCountry "GER"]
[SourceTitle "EXT 2014"]
[Source "ChessBase"]
[SourceDate "2013.11.20"]
[SourceVersion "1"]
[SourceVersionDate "2013.11.20"]
[SourceQuality "1"]
[WhiteTeam "Biberach"]
[BlackTeam "Stadtilm Blau Weiss"]
[WhiteTeamCountry "GER"]
[BlackTeamCountry "GER"]

1. e4 c5 2. c3 Nf6 3. e5 Nd5 4. d4 cxd4 5. cxd4 e6 6. Nf3 b6 7. Nc3 Nxc3 8. bxc3 Qc7 9. Qc2 Bb7 10. Bd3 d5 11. Bxh7 Rxh7 12. 0-0 Rh8 13. Bd2 Nc6 14. Rfc1 Na5 15. Rab1 Nc4 16. Rb3 Bc6 17. Qd3 Ba4 18. Rbb1 Ba3 19. Re1 0-0-0 20. h3 Kb8 21. Ng5 a5 22. Kh2 Ka7 23. Re2 Rc8 24. Qf3 Nxd2 25. Rxd2 Qxc3 26. Nxf7 Qxf3 27. gxf3 Rhf8 28. Ng5 Rf5 29. Nxe6 Rxf3 30. Nxg7 Rcf8 31. Ne6 Rxf2+ 32. Rxf2 Rxf2+ 33. Kg1 Rd2 34. h4 Bd7 35. Nf4 Rxd4 36. Rf1 Bc5 37. h5 Rxf4+ 38. Kg2 Bh3+ 39. Kxh3 Rxf1 40. Kg4 Kb7 41. h6 Rh1 42. Kg5 Be3+ 43. Kf5 Rxh6 44. e6 Bc5 45. Ke5 d4 46. Kd5 d3 0-1

[Event "Kreuzberg 2000"]
[Site "Berlin"]
[Date "2000.07.24"]
[Round "3"]
[White "Francke, Joerg"]
[Black "Bock, Alexander"]
[Result "1-0"]
[WhiteElo "1977"]
[BlackElo "1662"]
[PlyCount "61"]
[EventDate "2000.07.??"]
[EventType "swiss"]
[EventRounds "9"]
[EventCountry "GER"]
[SourceTitle "EXT 2001"]
[Source "ChessBase"]
[SourceDate "2000.11.22"]
[SourceVersion "1"]
[SourceVersionDate "2000.11.22"]
[SourceQuality "1"]

1. d4 d5 2. Nf3 Nf6 3. Bf4 e6 4. e3 c5 5. c3 Qb6 6. Qc1 Nc6 7. Nbd2 Bd7 8. Bd3 Rc8 9. Qb1 cxd4 10. exd4 Na5 11. 0-0 Bb5 12. Bxb5+ Qxb5 13. Re1 Be7 14. Qc2 0-0 15. Rad1 Nd7 16. Nf1 Nc4 17. Bc1 a5 18. Ne3 Ndb6 19. Ng4 a4 20. a3 Na5 21. Ng5 Bxg5 22. Bxg5 Nd7 23. Rd3 Nc6 24. Rh3 f5 25. Qb1 fxg4 26. Qxh7+ Kf7 27. Qh5+ Kg8 28. Qxg4 Rce8 29. Qh5 Nf6 30. Bxf6 Nd8 31. Qh7+ 1-0